Movies Quiz

Random Movies Quiz
Score 0/20 Timer 04:00
10 Plays Today
Movie % Correct
Titanic
96.9%
Cars
95.8%
Finding Nemo
94.4%
The Sound of Music
89.8%
Avatar
89.5%
The Hangover
88.2%
E.T.
87.1%
The Matrix
78.1%
Saturday Night Fever
76.8%
Pulp Fiction
72.8%
Movie % Correct
The Shining
71.4%
Casablanca
70.4%
Psycho
67.3%
The Goonies
59.4%
Star Wars V: The Empire Strikes Back
44.6%
Donnie Darko
43%
Almost Famous
41.6%
North by Northwest
34.4%
Say Anything
33.9%
Taxi Driver
29.2%
Remove Ads.
Support Sporcle.
Get the best of Sporcle when you Go Orange. This ad-free experience offers more features, more stats, and more fun while also helping to support Sporcle. Thank you for becoming a member.

You're not logged in!

Compare scores with friends on all Sporcle quizzes.
OR
Log In

Sporcle TV

Today on Sporcle TV


Watch our educational content, quiz creation guides, and fun videos on Sporcle TV.

Show Comments

Extras

Top Quizzes Today


Score Distribution

Paid Content

Your Account Isn't Verified!

In order to create a playlist on Sporcle, you need to verify the email address you used during registration. Go to your Sporcle Settings to finish the process.

Report this User

Report this user for behavior that violates our Community Guidelines.

Details: